[Event "NB II. Szechenyi csoport"]
[Site "Keszthely"]
[Date "2023.10.08"]
[Round "1.11"]
[White "Csiszar, Albert"]
[Black "Mayer, Gabor"]
[Result "1-0"]
[WhiteElo "1743"]
[BlackElo "1644"]
[PlyCount "58"]
[EventDate "2023.10.08"]
[EventType "team-tourn"]
[EventRounds "9"]
[EventCountry "HUN"]
[Source "chess.hu"]
[WhiteTeam "Z. Baki Agrocentrum"]
[BlackTeam "Spartacus Sportkor"]
[WhiteTeamCountry "HUN"]
[BlackTeamCountry "HUN"]

1. d4 d5 2. Bg5 Nf6 3. e3 e6 4. Bd3 Be7 5. Nd2 h6 6. Bh4 b6 7. c3 c5 8. f4 cxd4
9. exd4 O-O 10. Ngf3 Ba6 11. Bxa6 Nxa6 12. Qe2 Nc7 13. Ne5 Qd6 14. O-O Nd7 15.
Bxe7 Qxe7 16. Nxd7 Qxd7 17. Qh5 f5 18. Rf3 Qf7 19. Qh3 Ne8 20. Rg3 Kh7 21. Nf3
Qf6 22. Re1 Kg8 23. Qh5 Kh7 24. Ng5+ Kg8 25. Rxe6 hxg5 26. Rxf6 Rxf6 27. Re3
Nd6 28. fxg5 g6 29. Qf3 Ne4 1-0

[Event "NB II. Szechenyi csoport"]
[Site "Keszthely"]
[Date "2023.10.08"]
[Round "1.12"]
[White "Jakab, Aron"]
[Black "Bedi, Bence"]
[Result "1/2-1/2"]
[WhiteElo "1562"]
[BlackElo "1448"]
[PlyCount "64"]
[EventDate "2023.10.08"]
[EventType "team-tourn"]
[EventRounds "9"]
[EventCountry "HUN"]
[Source "chess.hu"]
[WhiteTeam "Spartacus Sportkor"]
[BlackTeam "Z. Baki Agrocentrum"]
[WhiteTeamCountry "HUN"]
[BlackTeamCountry "HUN"]

1. e4 e6 2. d4 d5 3. e5 c5 4. c3 Nc6 5. Nf3 Nge7 6. Na3 a6 7. Nc2 Bd7 8. Be2
Nf5 9. O-O Be7 10. Ne3 Nxe3 11. Bxe3 cxd4 12. cxd4 O-O 13. Qb3 Na5 14. Qd1 Qb6
15. b3 Rac8 16. Bd2 Rc7 17. Qe1 Nc6 18. Bc3 Nb4 19. Qd2 Rfc8 20. Rfc1 Nc6 21.
a3 Na7 22. b4 Nb5 23. Bb2 Na7 24. Rxc7 Rxc7 25. Rc1 Bb5 26. Bxb5 Nxb5 27. Rxc7
Qxc7 28. Ne1 Qc4 29. g3 Bd8 30. a4 Na7 31. a5 Nc6 32. Bc3 Bg5 1/2-1/2

[Event "NB II. Szechenyi csoport"]
[Site "Veszprem"]
[Date "2023.10.29"]
[Round "2.1"]
[White "Pinterne, Kovacs Marta"]
[Black "Hegedus, Gyula"]
[Result "0-1"]
[WhiteElo "2099"]
[BlackElo "2004"]
[PlyCount "86"]
[EventDate "2023.10.08"]
[EventType "team-tourn"]
[EventRounds "9"]
[EventCountry "HUN"]
[Source "chess.hu"]
[WhiteTeam "Spartacus Sportkor"]
[BlackTeam "Ezust Huszar SE"]
[WhiteTeamCountry "HUN"]
[BlackTeamCountry "HUN"]

1. d4 c5 2. e3 g6 3. Nf3 Bg7 4. c3 Qc7 5. Bd3 Nf6 6. Nbd2 O-O 7. h4 d6 8. Ng5
Nc6 9. h5 cxd4 10. hxg6 Ne5 11. gxf7+ Rxf7 12. Bxh7+ Nxh7 13. Nxf7 Nxf7 14.
exd4 Qc6 15. f3 e5 16. Nb3 a5 17. Qd3 Nf6 18. Be3 a4 19. Nd2 a3 20. b3 d5 21.
c4 Be6 22. Kf2 Re8 23. cxd5 Nxd5 24. Rac1 Qd7 25. dxe5 Bf5 26. Ne4 Nxe5 27. Qd2
Bxe4 28. fxe4 Ng4+ 29. Kf3 Qf7+ 30. Bf4 Ne5+ 31. Kg3 Qg6+ 32. Bg5 Nf6 33. Rh4
Nf7 34. e5 Rxe5 35. Rc8+ Ne8 36. Rxe8+ Rxe8 37. Rg4 Qe6 38. Bf4 Qe1+ 39. Qxe1
Rxe1 40. Bd2 Re2 41. Bb4 Ne5 42. Rg5 Rxa2 43. Bd6 Nf7 0-1

[Event "NB II. Szechenyi csoport"]
[Site "Veszprem"]
[Date "2023.10.29"]
[Round "2.2"]
[White "Domonkos, Daniel"]
[Black "Rezsek, Gyozo"]
[Result "0-1"]
[WhiteElo "1978"]
[BlackElo "1995"]
[PlyCount "28"]
[EventDate "2023.10.08"]
[EventType "team-tourn"]
[EventRounds "9"]
[EventCountry "HUN"]
[Source "chess.hu"]
[WhiteTeam "Ezust Huszar SE"]
[BlackTeam "Spartacus Sportkor"]
[WhiteTeamCountry "HUN"]
[BlackTeamCountry "HUN"]

1. d4 Nf6 2. c4 g6 3. Nc3 d5 4. Bf4 Bg7 5. e3 c5 6. Bxb8 Rxb8 7. cxd5 Nxd5 8.
Nf3 O-O 9. Bc4 Nxc3 10. bxc3 Qa5 11. Qd2 Bg4 12. Be2 Bxf3 13. Bxf3 e5 14. d5 e4
0-1

[Event "NB II. Szechenyi csoport"]
[Site "Veszprem"]
[Date "2023.10.29"]
[Round "2.3"]
[White "Szakaly, Laszlo"]
[Black "Oltean, Gusztav"]
[Result "1-0"]
[WhiteElo "1844"]
[BlackElo "2005"]
[PlyCount "75"]
[EventDate "2023.10.08"]
[EventType "team-tourn"]
[EventRounds "9"]
[EventCountry "HUN"]
[Source "chess.hu"]
[WhiteTeam "Spartacus Sportkor"]
[BlackTeam "Ezust Huszar SE"]
[WhiteTeamCountry "HUN"]
[BlackTeamCountry "HUN"]

1. e4 c6 2. d4 d5 3. f3 e6 4. Be3 Nf6 5. Nc3 Bb4 6. e5 Nfd7 7. f4 c5 8. Nf3 Nc6
9. a3 Ba5 10. dxc5 Bxc3+ 11. bxc3 Qa5 12. Qd2 Nxc5 13. Bxc5 Qxc5 14. Nd4 O-O
15. Be2 Bd7 16. Rb1 Na5 17. O-O b6 18. Kh1 Qxa3 19. Rf3 Qe7 20. Bd3 f5 21. exf6
Rxf6 22. Re1 Qf7 23. Rh3 g6 24. Nf3 Qf8 25. Ne5 Rd8 26. Qe2 Nc6 27. Rg3 Ne7 28.
Re3 Bc8 29. Ng4 Rxf4 30. Rxe6 Nf5 31. Bxf5 Rxf5 32. Re7 Rf4 33. h3 Bxg4 34.
hxg4 Qh6+ 35. Kg1 Qg5 36. Qe6+ Kh8 37. Rxa7 Rxg4 38. Qe8+ 1-0

[Event "NB II. Szechenyi csoport"]
[Site "Veszprem"]
[Date "2023.10.29"]
[Round "2.4"]
[White "Szabo, Balazs"]
[Black "Tamas, Gyorgy"]
[Result "1/2-1/2"]
[WhiteElo "1931"]
[BlackElo "1897"]
[PlyCount "55"]
[EventDate "2023.10.08"]
[EventType "team-tourn"]
[EventRounds "9"]
[EventCountry "HUN"]
[Source "chess.hu"]
[WhiteTeam "Ezust Huszar SE"]
[BlackTeam "Spartacus Sportkor"]
[WhiteTeamCountry "HUN"]
[BlackTeamCountry "HUN"]

1. e4 e5 2. Nf3 Nc6 3. Bb5 a6 4. Ba4 Nf6 5. O-O Be7 6. Re1 b5 7. Bb3 d6 8. c3
O-O 9. h3 Na5 10. Bc2 c5 11. d4 cxd4 12. cxd4 Qc7 13. Bg5 Nh5 14. Bxe7 Qxe7 15.
Nxe5 dxe5 16. Qxh5 g6 17. Qf3 exd4 18. Nd2 Nc4 19. Nb3 Nxb2 20. Nxd4 Bb7 21.
Qc3 Nc4 22. a4 Qc5 23. Bd3 Rac8 24. axb5 axb5 25. Rab1 Ba6 26. Rec1 Rfd8 27.
Nf3 Qd6 28. Bxc4 1/2-1/2

[Event "NB II. Szechenyi csoport"]
[Site "Veszprem"]
[Date "2023.10.29"]
[Round "2.5"]
[White "Suket, Ferenc"]
[Black "Domonkos, Andras"]
[Result "0-1"]
[WhiteElo "1793"]
[BlackElo "1943"]
[PlyCount "72"]
[EventDate "2023.10.08"]
[EventType "team-tourn"]
[EventRounds "9"]
[EventCountry "HUN"]
[Source "chess.hu"]
[WhiteTeam "Spartacus Sportkor"]
[BlackTeam "Ezust Huszar SE"]
[WhiteTeamCountry "HUN"]
[BlackTeamCountry "HUN"]

1. e4 c5 2. Nf3 Nc6 3. d4 cxd4 4. Nxd4 e5 5. Nf3 Nf6 6. Bd3 Bc5 7. O-O O-O 8.
Bg5 h6 9. Bxf6 Qxf6 10. c3 d6 11. h3 Qg6 12. Kh2 a5 13. g4 Qf6 14. Kg2 Be6 15.
Nbd2 Rad8 16. Qe2 Ne7 17. Nc4 Ng6 18. Qc2 Nf4+ 19. Kg3 Nxh3 20. Nh2 Nf4 21.
Nxa5 h5 22. Nxb7 h4+ 23. Kf3 Nxd3+ 24. Kg2 Nf4+ 25. Kh1 Rd7 26. Nxc5 dxc5 27.
Rad1 Rfd8 28. b3 Rxd1 29. Rxd1 Rxd1+ 30. Qxd1 Nh3 31. Qf3 Qxf3+ 32. Nxf3 Nxf2+
33. Kg2 Nxe4 34. Nxe5 Nxc3 35. Nd3 Bxg4 36. a4 c4 0-1

[Event "NB II. Szechenyi csoport"]
[Site "Veszprem"]
[Date "2023.10.29"]
[Round "2.6"]
[White "Horvath, Rudolf"]
[Black "Suket, Mark"]
[Result "1-0"]
[WhiteElo "1900"]
[BlackElo "1707"]
[PlyCount "67"]
[EventDate "2023.10.08"]
[EventType "team-tourn"]
[EventRounds "9"]
[EventCountry "HUN"]
[Source "chess.hu"]
[WhiteTeam "Ezust Huszar SE"]
[BlackTeam "Spartacus Sportkor"]
[WhiteTeamCountry "HUN"]
[BlackTeamCountry "HUN"]

1. c4 c5 2. Nc3 Nc6 3. g3 g6 4. Bg2 Bg7 5. e3 e5 6. Nge2 d6 7. O-O Nge7 8. a3
O-O 9. Rb1 Be6 10. Nd5 Rb8 11. Nec3 a6 12. d3 b5 13. Nxe7+ Nxe7 14. Nd5 Nxd5
15. cxd5 Bd7 16. b3 a5 17. Bb2 b4 18. a4 Qc8 19. Rc1 Bh3 20. d4 Bxg2 21. Kxg2
exd4 22. exd4 Qf5 23. Qf3 Qxf3+ 24. Kxf3 Bxd4 25. Bxd4 cxd4 26. Rc6 Rbc8 27.
Ke4 d3 28. Kxd3 Rxc6 29. dxc6 Rc8 30. Rc1 Kf8 31. Kd4 Ke7 32. Kd5 Re8 33. Re1+
Kd8 34. c7+ 1-0

[Event "NB II. Szechenyi csoport"]
[Site "Veszprem"]
[Date "2023.10.29"]
[Round "2.7"]
[White "Hegyvari, Brigitta"]
[Black "Major, Robert"]
[Result "0-1"]
[WhiteElo "1819"]
[BlackElo "1815"]
[PlyCount "150"]
[EventDate "2023.10.08"]
[EventType "team-tourn"]
[EventRounds "9"]
[EventCountry "HUN"]
[Source "chess.hu"]
[WhiteTeam "Spartacus Sportkor"]
[BlackTeam "Ezust Huszar SE"]
[WhiteTeamCountry "HUN"]
[BlackTeamCountry "HUN"]

1. e4 Nf6 2. Nc3 d5 3. exd5 Nxd5 4. Nxd5 Qxd5 5. c4 Qe4+ 6. Qe2 Bf5 7. d3 Qxe2+
8. Bxe2 Nc6 9. Nf3 Nb4 10. O-O Bxd3 11. Bxd3 Nxd3 12. Rd1 Rd8 13. b3 e6 14. Be3
Be7 15. Bd4 e5 16. Bxe5 Nxe5 17. Nxe5 Rxd1+ 18. Rxd1 Bd6 19. Re1 Bxe5 20. Rxe5+
Kd7 21. Rd5+ Ke6 22. f3 c6 23. Rd4 Ke7 24. Re4+ Kd7 25. Kf2 Re8 26. Rh4 h6 27.
Rg4 g5 28. Rd4+ Kc7 29. h4 f5 30. hxg5 hxg5 31. Rd2 a6 32. c5 Re5 33. b4 a5 34.
a3 axb4 35. axb4 Rd5 36. Rxd5 cxd5 37. Ke3 Kd7 38. Kd4 Kc6 39. Ke5 g4 40. Kxf5
gxf3 41. gxf3 Kb5 42. Ke5 Kc4 43. f4 d4 44. f5 d3 45. f6 d2 46. f7 d1=Q 47.
f8=Q Qd4+ 48. Ke6 Qd5+ 49. Ke7 Kxb4 50. Qf4+ Kxc5 51. Qe3+ Kc6 52. Qh6+ Kb5 53.
Qf4 b6 54. Kf6 Kc5 55. Qc1+ Qc4 56. Qa3+ Qb4 57. Qc1+ Kd5 58. Qg5+ Kc4 59. Qg4+
Kb3 60. Qd1+ Ka2 61. Qd5+ Qb3 62. Qa8+ Kb2 63. Qg2+ Qc2 64. Qb7 Qc3+ 65. Kf5
Qd3+ 66. Ke5 b5 67. Qg2+ Qc2 68. Qb7 Qc3+ 69. Kf4 b4 70. Qg2+ Qc2 71. Qg7+ Kb1
72. Kf3 b3 73. Qe5 Kc1 74. Qa1+ Kd2 75. Qe5 Qc3+ 0-1

[Event "NB II. Szechenyi csoport"]
[Site "Veszprem"]
[Date "2023.10.29"]
[Round "2.8"]
[White "Szunyogh, Istvan"]
[Black "Gyorfi, Norbert"]
[Result "0-1"]
[WhiteElo "1786"]
[BlackElo "1656"]
[PlyCount "56"]
[EventDate "2023.10.08"]
[EventType "team-tourn"]
[EventRounds "9"]
[EventCountry "HUN"]
[Source "chess.hu"]
[WhiteTeam "Ezust Huszar SE"]
[BlackTeam "Spartacus Sportkor"]
[WhiteTeamCountry "HUN"]
[BlackTeamCountry "HUN"]

1. c4 c5 2. Nc3 Nc6 3. Nf3 g6 4. g3 Bg7 5. Bg2 e6 6. b3 Nge7 7. Bb2 d5 8. cxd5
exd5 9. Na4 Bxb2 10. Nxb2 Bf5 11. O-O O-O 12. d4 b6 13. Rc1 cxd4 14. Nxd4 Nxd4
15. Qxd4 Rc8 16. Na4 Be6 17. e3 Nf5 18. Qd2 Qf6 19. Rxc8 Rxc8 20. Bxd5 Rd8 21.
e4 Nd4 22. Qe3 Rxd5 23. exd5 Nf3+ 24. Kh1 Bxd5 25. Nc3 Bc6 26. Rd1 Qf5 27. Qh6
Ng5+ 28. Nd5 Qf3+ 0-1

[Event "NB II. Szechenyi csoport"]
[Site "Veszprem"]
[Date "2023.10.29"]
[Round "2.9"]
[White "Vajda, Lajos"]
[Black "Matyi, Attila"]
[Result "0-1"]
[WhiteElo "1744"]
[BlackElo "1888"]
[PlyCount "98"]
[EventDate "2023.10.08"]
[EventType "team-tourn"]
[EventRounds "9"]
[EventCountry "HUN"]
[Source "chess.hu"]
[WhiteTeam "Spartacus Sportkor"]
[BlackTeam "Ezust Huszar SE"]
[WhiteTeamCountry "HUN"]
[BlackTeamCountry "HUN"]

1. c4 Nf6 2. Nc3 g6 3. g3 Bg7 4. Bg2 c6 5. e4 e5 6. Nge2 O-O 7. O-O d6 8. d3
Nbd7 9. h3 a5 10. a4 Nc5 11. b3 Qb6 12. Rb1 Nh5 13. Be3 f5 14. exf5 gxf5 15.
Kh2 f4 16. Bxc5 Qxc5 17. Ne4 Qb4 18. Bf3 fxg3+ 19. fxg3 Nf6 20. Nxf6+ Rxf6 21.
Be4 Be6 22. Rxf6 Bxf6 23. d4 Rf8 24. d5 Bd7 25. Qd3 h6 26. Rf1 Bg7 27. Rxf8+
Bxf8 28. Bh7+ Kh8 29. Qg6 Bg7 30. Qd3 cxd5 31. cxd5 Qc5 32. Be4 Qf2+ 33. Bg2
Bf5 34. Qf3 Qxf3 35. Bxf3 Bc2 36. Nc1 e4 37. Be2 Bb2 38. Bc4 Bxc1 39. Kg2 Bd3
40. Kf2 Bxc4 41. bxc4 b6 42. g4 Kg7 43. Ke2 Kf6 44. Kd1 Ba3 45. h4 Ke5 46. g5
hxg5 47. h5 Kf5 48. Ke2 Bc5 49. Kd2 g4 0-1

[Event "NB II. Szechenyi csoport"]
[Site "Veszprem"]
[Date "2023.10.29"]
[Round "2.10"]
[White "Geroly, Jozsef"]
[Black "Janzso, Levente"]
[Result "1-0"]
[WhiteElo "1667"]
[BlackElo "1361"]
[PlyCount "71"]
[EventDate "2023.10.08"]
[EventType "team-tourn"]
[EventRounds "9"]
[EventCountry "HUN"]
[Source "chess.hu"]
[WhiteTeam "Ezust Huszar SE"]
[BlackTeam "Spartacus Sportkor"]
[WhiteTeamCountry "HUN"]
[BlackTeamCountry "HUN"]

1. Nf3 Nf6 2. d4 d6 3. g3 g6 4. Bg2 Bg7 5. O-O O-O 6. c4 c5 7. d5 Bg4 8. h3
Bxf3 9. Bxf3 Nbd7 10. Bg2 e5 11. dxe6 fxe6 12. Qxd6 Qe8 13. Nc3 Rb8 14. Be3 b6
15. Nb5 a5 16. Nc7 Qf7 17. Qxe6 Qxe6 18. Nxe6 Rfe8 19. Nxg7 Kxg7 20. Rad1 b5
21. Bc6 Re7 22. cxb5 Rb6 23. Rc1 Ne4 24. Rc4 Ndf6 25. Kg2 h6 26. Rc2 Re6 27. f3
Ng5 28. Bxc5 Rb8 29. e4 Nf7 30. a4 Ne8 31. Bd7 Rf6 32. Bd4 Nfd6 33. e5 Nf5 34.
exf6+ Nxf6 35. Bxf5 gxf5 36. Rc6 1-0

[Event "NB II. Szechenyi csoport"]
[Site "Veszprem"]
[Date "2023.10.29"]
[Round "2.11"]
[White "Kis, Vanda Liana"]
[Black "Pohl, Brigitta"]
[Result "0-1"]
[WhiteElo "1159"]
[BlackElo "1226"]
[PlyCount "84"]
[EventDate "2023.10.08"]
[EventType "team-tourn"]
[EventRounds "9"]
[EventCountry "HUN"]
[Source "chess.hu"]
[WhiteTeam "Spartacus Sportkor"]
[BlackTeam "Ezust Huszar SE"]
[WhiteTeamCountry "HUN"]
[BlackTeamCountry "HUN"]

1. e4 e5 2. Nf3 Nc6 3. d4 Nf6 4. dxe5 Nxe4 5. Bd3 d5 6. b3 Bb4+ 7. Nbd2 Bc3 8.
Rb1 Bg4 9. O-O Nxd2 10. Bxd2 Bxd2 11. Qxd2 Bxf3 12. gxf3 Nxe5 13. Rfe1 Qe7 14.
Qf4 f6 15. Kf1 O-O-O 16. Re2 Nxd3 17. Qf5+ Qd7 18. Qxd7+ Rxd7 19. cxd3 g5 20.
d4 h5 21. Rc1 c6 22. b4 Kb8 23. Re6 Rf8 24. Rce1 Kc7 25. a4 Rd6 26. Re7+ Rd7
27. R1e6 Rxe7 28. Rxe7+ Kb6 29. Re6 a6 30. Ke2 Kc7 31. Kd3 Kd7 32. Re2 b6 33.
Rc2 Kd6 34. Rc1 Re8 35. Kd2 f5 36. Rg1 g4 37. fxg4 fxg4 38. Rc1 Rf8 39. Rf1 Rf3
40. Kc2 Ra3 41. Rb1 Rxa4 42. Kb3 b5 0-1

[Event "NB II. Szechenyi csoport"]
[Site "Ajka"]
[Date "2023.10.29"]
[Round "2.1"]
[White "Szegi, Tamas"]
[Black "Kolimar, Kristof Pal"]
[Result "1/2-1/2"]
[WhiteElo "2177"]
[BlackElo "2264"]
[PlyCount "23"]
[EventDate "2023.10.08"]
[EventType "team-tourn"]
[EventRounds "9"]
[EventCountry "HUN"]
[Source "chess.hu"]
[WhiteTeam "Sakkbaratok Kisber-Aszar I."]
[BlackTeam "Sentimento Ajka BSK "]
[WhiteTeamCountry "HUN"]
[BlackTeamCountry "HUN"]

1. e4 c5 2. c3 Nf6 3. e5 Nd5 4. d4 cxd4 5. Nf3 e6 6. Nxd4 Qc7 7. f4 a6 8. Be2
d6 9. O-O Nc6 10. Nxc6 bxc6 11. c4 Nb6 12. exd6 1/2-1/2

[Event "NB II. Szechenyi csoport"]
[Site "Ajka"]
[Date "2023.10.29"]
[Round "2.3"]
[White "Dekany, Lajos"]
[Black "Paksa, Rudolf"]
[Result "0-1"]
[WhiteElo "1979"]
[BlackElo "1950"]
[PlyCount "64"]
[EventDate "2023.10.08"]
[EventType "team-tourn"]
[EventRounds "9"]
[EventCountry "HUN"]
[Source "chess.hu"]
[WhiteTeam "Sakkbaratok Kisber-Aszar I."]
[BlackTeam "Sentimento Ajka BSK "]
[WhiteTeamCountry "HUN"]
[BlackTeamCountry "HUN"]

1. d4 Nf6 2. Bf4 d6 3. e3 c5 4. Nc3 cxd4 5. exd4 a6 6. Nf3 Bg4 7. h3 Bh5 8. g4
Bg6 9. Nh4 Nc6 10. Bg2 e6 11. Nxg6 hxg6 12. Qd2 d5 13. a3 Rc8 14. O-O Bd6 15.
Bxd6 Qxd6 16. Na4 Nxg4 17. f4 Nf6 18. c3 Na5 19. Nc5 b6 20. b4 Nc4 21. Qe2 bxc5
22. dxc5 Qc7 23. f5 gxf5 24. Rxf5 Qg3 25. Rf3 Qg5 26. Rd1 O-O 27. a4 Ne4 28.
Qe1 f5 29. h4 Qh6 30. Rh3 Rf6 31. Kh1 Qf4 32. h5 Nf2+ 0-1

[Event "NB II. Szechenyi csoport"]
[Site "Ajka"]
[Date "2023.10.29"]
[Round "2.5"]
[White "Gonczol, Gabor"]
[Black "Kariko, Lajos"]
[Result "1-0"]
[WhiteElo "1960"]
[BlackElo "1886"]
[PlyCount "97"]
[EventDate "2023.10.08"]
[EventType "team-tourn"]
[EventRounds "9"]
[EventCountry "HUN"]
[Source "chess.hu"]
[WhiteTeam "Sakkbaratok Kisber-Aszar I."]
[BlackTeam "Sentimento Ajka BSK "]
[WhiteTeamCountry "HUN"]
[BlackTeamCountry "HUN"]

1. Nf3 Nf6 2. d4 e6 3. g3 d5 4. Bg2 c5 5. e3 Nc6 6. O-O Be7 7. Nbd2 O-O 8. b3
Qc7 9. Bb2 cxd4 10. exd4 b6 11. Ne5 Bb7 12. Rc1 Rac8 13. Qe2 Nb4 14. c4 Nxa2
15. Ra1 Nb4 16. Rxa7 Ra8 17. Rfa1 Rxa7 18. Rxa7 Ra8 19. Rxa8+ Bxa8 20. Nf1 Qa7
21. Bc3 Qa2 22. Qxa2 Nxa2 23. Bb2 Bb4 24. Nd3 Bc3 25. Ne3 Bxb2 26. Nxb2 Nc1 27.
Na4 Ne2+ 28. Kf1 Nxd4 29. Nxb6 Bc6 30. cxd5 Nxd5 31. Nbxd5 exd5 32. b4 Kf8 33.
Bxd5 Bb5+ 34. Ke1 Ke7 35. h4 g6 36. Kd2 f6 37. Bc4 Bxc4 38. Nxc4 Ke6 39. Kd3
Nb5 40. f3 h5 41. Ne3 g5 42. Kc4 Na3+ 43. Kc5 gxh4 44. gxh4 f5 45. f4 Kf6 46.
b5 Nxb5 47. Kxb5 Ke6 48. Kc5 Kf6 49. Kd5 1-0

[Event "NB II. Szechenyi csoport"]
[Site "Ajka"]
[Date "2023.10.29"]
[Round "2.6"]
[White "Lejer, Sandor"]
[Black "Farkas, Ferenc"]
[Result "1-0"]
[WhiteElo "1873"]
[BlackElo "1765"]
[PlyCount "87"]
[EventDate "2023.10.08"]
[EventType "team-tourn"]
[EventRounds "9"]
[EventCountry "HUN"]
[Source "chess.hu"]
[WhiteTeam "Sentimento Ajka BSK "]
[BlackTeam "Sakkbaratok Kisber-Aszar I."]
[WhiteTeamCountry "HUN"]
[BlackTeamCountry "HUN"]

1. Nf3 d5 2. b3 Nf6 3. Bb2 g6 4. e3 Bg7 5. c4 dxc4 6. Bxc4 O-O 7. d4 b6 8. Nbd2
Bb7 9. b4 Nbd7 10. O-O Nd5 11. Qb3 e6 12. b5 c5 13. bxc6 Bxc6 14. Rac1 N7f6 15.
Ba3 Re8 16. Ba6 Bd7 17. Ne5 Nc7 18. Bb7 Rb8 19. Bc6 Bf8 20. Bxf8 Rxf8 21. Ne4
Nxe4 22. Bxe4 f6 23. Nd3 Be8 24. Rc2 Nd5 25. Rfc1 Rf7 26. h3 Rbb7 27. Nf4 Nxf4
28. Bxb7 Nxh3+ 29. gxh3 Rxb7 30. Qxe6+ Bf7 31. Rc8 Bxe6 32. Rxd8+ Kg7 33. d5
Bxh3 34. d6 Rf7 35. Rc7 h5 36. Ra8 a5 37. Raa7 Rxc7 38. dxc7 Kf8 39. Ra8+ Ke7
40. c8=Q Bxc8 41. Rxc8 Kd7 42. Rf8 f5 43. Rf6 b5 44. Rb6 1-0

[Event "NB II. Szechenyi csoport"]
[Site "Ajka"]
[Date "2023.10.29"]
[Round "2.7"]
[White "Brayer, Janos"]
[Black "Tanczos, Dezso"]
[Result "1-0"]
[WhiteElo "1911"]
[BlackElo "1812"]
[PlyCount "89"]
[EventDate "2023.10.08"]
[EventType "team-tourn"]
[EventRounds "9"]
[EventCountry "HUN"]
[Source "chess.hu"]
[WhiteTeam "Sakkbaratok Kisber-Aszar I."]
[BlackTeam "Sentimento Ajka BSK "]
[WhiteTeamCountry "HUN"]
[BlackTeamCountry "HUN"]

1. d4 Nf6 2. Nf3 g6 3. Nbd2 d5 4. e3 Bg7 5. Bd3 b6 6. c4 e6 7. e4 dxe4 8. Nxe4
Nxe4 9. Bxe4 c6 10. Bf4 Bb7 11. O-O O-O 12. Ne5 f5 13. Bc2 g5 14. Be3 Bxe5 15.
dxe5 f4 16. Qh5 Qe7 17. Bd2 Rf7 18. Rad1 c5 19. Rfe1 Na6 20. Bc3 Rd8 21. Rd6
Nb8 22. Red1 Rdf8 23. Qg4 Bc8 24. Be4 Rg7 25. R1d3 Qf7 26. Rh3 Re8 27. Rh6 Bd7
28. Rf6 Qe7 29. Bb7 Kh8 30. b4 Reg8 31. bxc5 bxc5 32. Ba5 Rf7 33. Rh6 Rg6 34.
Rxg6 hxg6 35. Bc7 Ba4 36. Rd8+ Kg7 37. Qh3 Rf8 38. Rxf8 Qxf8 39. Qxe6 Nd7 40.
Be4 Qf7 41. Qxf7+ Kxf7 42. Bd6 Bd1 43. Bd5+ Ke8 44. e6 Nb6 45. Bc6+ 1-0

[Event "NB II. Szechenyi csoport"]
[Site "Ajka"]
[Date "2023.10.29"]
[Round "2.8"]
[White "Ludvai, Zsolt"]
[Black "Erdei, Lajos Jr"]
[Result "0-1"]
[WhiteElo "1801"]
[BlackElo "1893"]
[PlyCount "68"]
[EventDate "2023.10.08"]
[EventType "team-tourn"]
[EventRounds "9"]
[EventCountry "HUN"]
[Source "chess.hu"]
[WhiteTeam "Sentimento Ajka BSK "]
[BlackTeam "Sakkbaratok Kisber-Aszar I."]
[WhiteTeamCountry "HUN"]
[BlackTeamCountry "HUN"]

1. d4 Nf6 2. c4 e5 3. Bg5 exd4 4. Qxd4 Nc6 5. Qe3+ Qe7 6. Nc3 Qxe3 7. Bxe3 Bb4
8. Bd2 O-O 9. f3 Ne7 10. e4 c6 11. O-O-O d5 12. cxd5 cxd5 13. Nxd5 Bxd2+ 14.
Rxd2 Nfxd5 15. exd5 Rd8 16. Bc4 Nf5 17. g4 Ne3 18. Bb3 Bd7 19. Ne2 Rac8+ 20.
Nc3 b5 21. Kb1 a5 22. Re1 Nc4 23. Bxc4 Rxc4 24. Re4 Rcc8 25. d6 Bc6 26. Re3 Kf8
27. f4 Rd7 28. a3 Rcd8 29. Re5 b4 30. axb4 axb4 31. Ne4 f6 32. Re7 Rxe7 33.
dxe7+ Kxe7 34. Rxd8 Bxe4+ 0-1

[Event "NB II. Szechenyi csoport"]
[Site "Ajka"]
[Date "2023.10.29"]
[Round "2.9"]
[White "Redl, Tibor"]
[Black "Soos, David"]
[Result "1/2-1/2"]
[WhiteElo "1880"]
[BlackElo "1818"]
[PlyCount "45"]
[EventDate "2023.10.08"]
[EventType "team-tourn"]
[EventRounds "9"]
[EventCountry "HUN"]
[Source "chess.hu"]
[WhiteTeam "Sakkbaratok Kisber-Aszar I."]
[BlackTeam "Sentimento Ajka BSK "]
[WhiteTeamCountry "HUN"]
[BlackTeamCountry "HUN"]

1. f4 d5 2. Nf3 Nf6 3. e3 Bf5 4. b3 e6 5. Bb2 Be7 6. Be2 O-O 7. O-O c5 8. Ne5
d4 9. g4 Be4 10. d3 Bc6 11. e4 Nfd7 12. Nxc6 Nxc6 13. Nd2 f6 14. a4 Qc7 15. Nc4
Nb6 16. Rf3 Nxc4 17. bxc4 Bd6 18. Bc1 g5 19. Qf1 Nb4 20. Bd1 Rf7 21. Bd2 Raf8
22. h3 h6 23. f5 1/2-1/2

[Event "NB II. Szechenyi csoport"]
[Site "Ajka"]
[Date "2023.10.29"]
[Round "2.10"]
[White "Vincze, Otto"]
[Black "Malomsoki, Laszlo"]
[Result "1-0"]
[WhiteElo "1684"]
[BlackElo "1657"]
[PlyCount "89"]
[EventDate "2023.10.08"]
[EventType "team-tourn"]
[EventRounds "9"]
[EventCountry "HUN"]
[Source "chess.hu"]
[WhiteTeam "Sentimento Ajka BSK "]
[BlackTeam "Sakkbaratok Kisber-Aszar I."]
[WhiteTeamCountry "HUN"]
[BlackTeamCountry "HUN"]

1. e4 c5 2. c3 e6 3. d4 d5 4. e5 Nc6 5. Nf3 Bd7 6. Be2 Be7 7. O-O h5 8. dxc5
Bxc5 9. b4 Be7 10. b5 Na5 11. Nbd2 Rc8 12. Bb2 Nh6 13. Nb3 Nc4 14. Bxc4 Rxc4
15. Nbd4 g6 16. a4 Qb8 17. Qe1 h4 18. Ba3 h3 19. g3 Nf5 20. Bxe7 Kxe7 21. Qd2
Qd8 22. Rfb1 Kf8 23. Rb4 Rc8 24. Nxf5 gxf5 25. Rd1 a6 26. Rh4 Rxh4 27. Nxh4
axb5 28. Nf3 Qe7 29. axb5 Bxb5 30. Rb1 Ba6 31. Ng5 Qc7 32. Nxh3 Qxe5 33. Qh6+
Ke7 34. Qh4+ f6 35. Qh7+ Kd8 36. Nf4 Rc6 37. Ng6 Qxc3 38. Qe7+ Kc8 39. Nf8 Qc2
40. Qe8+ Kc7 41. Re1 e5 42. Qd7+ Kb6 43. Qxd5 Qb2 44. Nd7+ Ka7 45. Qg8 1-0

[Event "NB II. Szechenyi csoport"]
[Site "Ajka"]
[Date "2023.10.29"]
[Round "2.11"]
[White "Sarok, Peter Jr"]
[Black "Veber, Richard"]
[Result "1/2-1/2"]
[WhiteElo "1425"]
[BlackElo "1758"]
[PlyCount "93"]
[EventDate "2023.10.08"]
[EventType "team-tourn"]
[EventRounds "9"]
[EventCountry "HUN"]
[Source "chess.hu"]
[WhiteTeam "Sakkbaratok Kisber-Aszar I."]
[BlackTeam "Sentimento Ajka BSK "]
[WhiteTeamCountry "HUN"]
[BlackTeamCountry "HUN"]

1. d4 d5 2. Nf3 Nf6 3. c4 c6 4. Nc3 e6 5. Bg5 Be7 6. e3 Nbd7 7. Bd3 h6 8. Bh4
O-O 9. O-O Re8 10. Re1 Nh5 11. Bxe7 Qxe7 12. e4 dxc4 13. Bxc4 Nb6 14. Bd3 Nf4
15. Bc2 Bd7 16. Qd2 Ng6 17. b3 e5 18. dxe5 Nxe5 19. Nxe5 Qxe5 20. Qe3 Rad8 21.
f4 Qh5 22. Rad1 Bg4 23. Rxd8 Rxd8 24. f5 Re8 25. Qf2 Qg5 26. e5 Nd5 27. Ne4 Qf4
28. Qxf4 Nxf4 29. Nd6 Re7 30. h3 Be2 31. f6 Rxe5 32. fxg7 Rg5 33. Be4 Nxh3+ 34.
Kh2 Nf4 35. Nxb7 Bg4 36. Bxc6 Ne2 37. g3 Nd4 38. Bg2 Rh5+ 39. Kg1 Ne2+ 40. Kf2
Rf5+ 41. Ke3 Nxg3 42. Nd6 Re5+ 43. Kf2 Rxe1 44. Kxe1 Bd7 45. Bd5 Nf5 46. Bxf7+
Kxg7 47. Nxf5+ 1/2-1/2